The Voice - Statistics

General Stats
  • This quiz has been taken 7 times
    6 since last reset
  • The average score is 12 of 50
Answer Stats
Hint Answer % Correct
Dwayne Johnson DC League Of Super-Pets
60%
Mike Myers Shrek
60%
Michael J Fox Atlantis: The Lost Empire
40%
Barry Seinfeld Bee Movie
40%
Owen Wilson Cars
40%
Jack Black Kung Fu Panda
40%
Antonio Banderas Puss In Boots
40%
Anna Kendrick Trolls
40%
Meg Ryan Anastasia
20%
John Travolta Bolt
20%
Kelly Macdonald Brave
20%
Mel Gibson Chicken Run
20%
Steve Carell Despicable Me
20%
Amanda Seyfried Epic
20%
John Cena Ferdinand
20%
Robin Williams FernGully: The Last Rainforest
20%
Idina Menzel Frozen
20%
Elijah Wood Happy Feet
20%
Russell Brand Hop
20%
Adam Sandler Hotel Transylvania
20%
Chris Evans Lightyear
20%
Ben Stiller Madagascar
20%
Will Ferrell Megamind
20%
Sandra Bullock Minions
20%
Reese Witherspoon Monsters Vs Aliens
20%
Eddie Murphy Mulan
20%
Tom Holland Onward
20%
Bruce Willis Over The Hedge
20%
Dane Cook Planes
20%
Jesse Eisenberg Rio
20%
Chris Pine Rise Of The Guardians
20%
Seth Rogen Sausage Party
20%
Luke Evans Scrooge: A Christmas Carol
20%
Johnny Depp Sherlock Gnomes
20%
Brad Pitt Sinbad: Legend Of The Seven Seas
20%
Matthew McConaughey Sing
20%
Jamie Foxx Soul
20%
Will Smith Spies In Disguise
20%
Nicolas Cage The Croods
20%
Benedict Cumberbatch The Grinch
20%
Vin Diesel The Iron Giant
20%
Matthew Broderick The Lion King
20%
Jodi Benson The Little Mermaid
20%
Val Kilmer The Prince Of Egypt
20%
Chris Pratt The Super Mario Bros. Movie
20%
Matt Damon Titan A.E.
20%
Joseph Gordon-Levitt Treasure Planet
20%
Ryan Reynolds Turbo
20%
John C Reilly Wreck-It Ralph
20%
Ginnifer Goodwin Zootopia
20%
No matching quizzes found
Score Distribution
Percent of People with Each Score
Percentile by Number Answered
Your Score History
You have not taken this quiz since the last reset